Normale Ansicht MARC-Ansicht ISBD

Briefe nach Königsberg : (Titelsatznr. 37386)

[ MARC ]
MARC-Details
000 -Satzkennung
Kontrollfeld mit fester Länge 00754nam a22002411c 4500
001 - Kontrollnummer
Kontrollfeld 392039435
003 - Kontrollnummer Identifier
Kontrollfeld RU-10907106
005 - Datum und Zeit der letzten Transaktion
Kontrollfeld 20220606195238.0
008 - Feld mit fester Länge zur physischen Beschreibung - Allgemeine Angaben
Kontrollfeld mit fester Länge 140523s2013 gw |||| 000u ger d
020 ## - Internationale Standardbuchnummer
Internationale Standardbuchnummer 9783406650123
Verknüpfung 978-3-406-65012-3
040 ## - Katalogisierungsquelle
Übertragungsstelle RU-10907106
Original-Katalogisierungsstelle RU-10907106
Katalogisierungssprache ger
041 ## - Sprachcode
Sprachcode des Textes/der Tonspur oder des separaten Titels ger
100 1# - Haupteintragung - Personenname
Personenname Gregorovius, Ferdinand
Koha-Normdatenidentnummer 7231
245 00 - Titel
Titel Briefe nach Königsberg :
Zusatz zum Titel [1852 - 1891] /
Verfasserangabe etc. Ferdinand Gregorovius. Hrsg. von Dominik Fugger ..
264 ## - Produktion, Veröffentlichung, Distribution, Herstellung und Urheberrechtsvermerk
Herstellungs-, Veröffentlichungs- Vertriebs-, Erzeugungsort München :
Produzent, Herausgeber, Distributor, Hersteller Beck,
Datum der Herstellung, der Veröffentlichung, des Vertriebs oder des Urheberschutzvermerks 2013
300 ## - Physische Beschreibung
Umfang 304 S.
600 #0 - Nebeneintragung unter einem Schlagwort - Personenname
Personenname Gregorovius, Ferdinand
Koha-Normdatenidentnummer 7231
655 #0 - Indexierungsterm - Genre/Form
Genre/Form oder fokussierter Term Briefsammlung
Koha-Normdatenidentnummer 1537
655 #0 - Indexierungsterm - Genre/Form
Genre/Form oder fokussierter Term Quelle
Koha-Normdatenidentnummer 216
700 1# - Nebeneintragung - Personenname
Personenname Fugger, Dominik
Funktionsbezeichnung HerausgeberIn
Koha-Normdatenidentnummer 7232
700 1# - Nebeneintragung - Personenname
Personenname Schülter, Nina
Funktionsbezeichnung HerausgeberIn
Koha-Normdatenidentnummer 7233
942 ## - Zusätzliche Felder (Koha)
Koha-Medientyp Monographien
Klassifikation oder Aufstellungssystematik Andere/Generische Klassifikation
Exemplare
Ausgeschieden Verloren Klassifikation oder Aufstellungssystematik Beschädigt Nicht entleihbar Heimatbibliothek Aufenthaltsbibliothek Aufstellungsort Erwerbungsdatum Inventarnummer Signatur Barcode Letzte Aktivität Preis gültig von Koha-Medientyp
    Andere/Generische Klassifikation     MWN Osteuropa MWN Osteuropa Lesesaal 23/05/2014 17-00707 G 40 aD Gre 2 E00401506CBDBC11 23/02/2021 22/03/2021 Monographien